00322nam a22001217a 450000500170000000800410001702000180005804100080007610000380008424500210012226000490014330000080019220170406104947.0170406b xxu||||| |||| 00| 0 eng d a81-89422-42-1 aeng aKURIAN, ALICE AND SANKAR, M. ASHA aMEDICINAL PLANTS aNEW DELHIbNEW INDIA PUBLISHING AGENCYc2007 a356